000 00325nam a2200169Ia 4500
100 _aDhanjani/Nitesh
650 _aIOT
942 _cBK
366 _f20
654 _aIOT
245 _aAbusing the internet of things
260 _bOreilly
_c2015
082 _bDHA
300 _a270
546 _aENGLISH
999 _c23674
_d23674